Wybrane zagadnienia współczesnej elektroniki : (Rekord nr 9957)
| 000 -ETYKIETA REKORDU | |
|---|---|
| podpole kontrolne o stałej długości | 00893nam a2200241 i 4500 |
| 001 - NUMER KONTROLNY REKORDU | |
| podpole kontrolne | 9957 |
| 003 - IDENTYFIKATOR NUMERU KONTROLNEGO REKORDU | |
| podpole kontrolne | KOSZ 005 |
| 005 - DATA OSTATNIEJ MODYFIKACJI REKORDU | |
| podpole kontrolne | 20191005132641.0 |
| 008 - POLE O STAŁEJ DŁUGOŚCI - DANE KONTROLNE | |
| podpole kontrolne o stałej długości | 111019s2011 pl a |001 0 pol |
| 015 ## - NUMER BIBLIOGRAFII NARODOWEJ | |
| Numer bibliografii narodowej | PB 22006/2011 |
| 020 ## - MIĘDZYNARODOWY ZNORMALIZOWANY NUMER KSIĄŻKI - ISBN | |
| ISBN | 9788373652552 |
| 040 ## - ŹRÓDŁO KATALOGOWANIA | |
| Instytucja, która utworzyła rekord | BPK |
| Instytucja, która dokonała modyfikacji | KOSZ 005/EG |
| 041 ## - KOD JĘZYKA | |
| Kod języka tekstu | pol |
| 044 ## - KOD KRAJU WYDAWCY/PRODUCENTA | |
| Kod kraju wydawcy/producenta | POL |
| 080 ## - UNIWERSALNA KLASYFIKACJA DZIESIĘTNA - UKD | |
| UKD | 621.38 |
| 100 1# - NAZWA OSOBOWA | |
| Nazwa osobowa | Janke, Włodzimierz |
| Określenie rodzaju współpracy | Autor |
| Instytucja | Politechnika Koszalińska - Wydział Elektroniki, |
| Wydział | Katedra Elementów i Miernictwa Elektronicznego |
| Lata pracy | 1996 - . |
| 245 10 - TYTUŁ/ODPOWIEDZIALNOŚĆ | |
| Tytuł | Wybrane zagadnienia współczesnej elektroniki : |
| Ciąg dalszy tytułu | praca zbiorowa / |
| Pozostałe elementy strefy tytułu i oznaczenia odpowiedzialności | pod red. Włodzimierza Janke. |
| 260 ## - STREFA ADRESU WYDAWNICZEGO | |
| Miejsce wydania | Koszalin : |
| Nazwa wydawcy/dystrybutora | Wydaw. Uczelniane Politechniki Koszalińskiej, |
| Data publikacji, dystrybucji/powstania dokumentu | 2011. |
| 300 ## - STREFA OPISU FIZYCZNEGO | |
| Objętość | 439 s. : |
| Inne cechy fizyczne | il. ; |
| Rozmiary | 25 cm. |
| 650 #0 - HASŁO PRZEDMIOTOWE W FORMIE NAZWY OGÓLNEJ LUB JEDNOSTKOWEJ | |
| Nazwa ogólna lub geograficzna | Elektronika. |
| 856 ## - LOKALIZACJA I DOSTĘP DO ELEKTRONICZNYCH DOKUMENTÓW ZDALNYCH | |
| Link (URL) | http://koha.tu.koszalin.pl/cgi-bin/koha/opac-detail.pl?biblionumber=59795 |
| Tekst linku | Katalog online BPK |
| 942 ## - HASŁO DODATKOWE - ELEMENTY(KOHA) | |
| Typ dokumentu | Książka |
| Schemat klasyfikacji | Uniwersalna klasyfikacja dziesiętna |
Brak dostępnych egzemplarzy.
